[Event "2nd EUR-ch (w)"]
[Site "Warsaw POL"]
[Date "2001.04.29"]
[Round "7.21"]
[White "Kachiani-Gersinska, Ketino"]
[Black "Ciuksyte, Dagne"]
[Result "1/2-1/2"]
[WhiteElo "2456"]
[BlackElo "2217"]
[EventDate "2001.04.21"]
[PlyCount "86"]

1.d4 Nf6 2.c4 e6 3.g3 Bb4+ 4.Bd2 a5 5.Nf3 d6 6.Bg2 Nbd7 7.Nc3 O-O 8.Qc2 
Qe7 9.O-O e5 10.Rad1 c6 11.a3 Bxc3 12.bxc3 Re8 13.Nh4 Nf8 14.e4 g6 15.c5 
exd4 16.cxd6 Qxd6 17.cxd4 Ne6 18.Bc3 Qd8 19.d5 cxd5 20.exd5 Ng5 21.Rde1 
Bh3 22.Rxe8+ Nxe8 23.f4 Bxg2 24.Qxg2 Qc8 25.Ra1 Nh3+ 26.Kh1 Ra6 27.Nf3 Rd6
28.Re1 f6 29.f5 Ng5 30.Nxg5 fxg5 31.Be5 gxf5 32.Bxd6 Nxd6 33.Qd2 h6 34.
Qxa5 Ne4 35.g4 Nf2+ 36.Kg2 Nxg4 37.Qa4 Kf7 38.d6 b5 39.Qb3+ Kf8 40.Qxb5 
Qa8+ 41.Kg1 Qa7+ 42.Kh1 Qa8+ 43.Kg1 Qa7+ 1/2-1/2

[Event "2nd EUR-ch (w)"]
[Site "Warsaw POL"]
[Date "2001.04.29"]
[Round "7.22"]
[White "Kiseleva, Natalia"]
[Black "Lomineishvili, Maia"]
[Result "1-0"]
[WhiteElo "2296"]
[BlackElo "2437"]
[EventDate "2001.04.21"]
[PlyCount "103"]

1.d4 Nf6 2.c4 e6 3.Nf3 d5 4.g3 Bb4+ 5.Bd2 Be7 6.Bg2 O-O 7.O-O c6 8.Qc2 b6 
9.b3 Nbd7 10.Bc3 Bb7 11.Nbd2 Rc8 12.e4 dxe4 13.Nxe4 Nxe4 14.Qxe4 Nf6 15.
Qc2 Qc7 16.Rad1 Rfd8 17.Rfe1 h6 18.Qe2 Re8 19.Ne5 Bf8 20.Nd3 Nd7 21.Bd2 
Rcd8 22.b4 Nf6 23.Bf4 Qc8 24.Qb2 Re7 25.Ne5 Ree8 26.a4 Bd6 27.Rc1 Ba8 28.
c5 Bxe5 29.Bxe5 Nd5 30.b5 Qd7 31.Qe2 Rc8 32.Red1 Bb7 33.Rd2 Ra8 34.Rdc2 
Rec8 35.h4 Nb4 36.Rb2 Nd5 37.Rbc2 Nb4 38.Rb2 Nd5 39.Qg4 f6 40.Bd6 a6 41.
Bxd5 cxd5 42.Bf4 axb5 43.axb5 bxc5 44.dxc5 d4 45.c6 Bxc6 46.bxc6 Rxc6 47.
Rcb1 f5 48.Qg6 e5 49.Rb8+ Rc8 50.R8b7 Rc7 51.Rxc7 Qxc7 52.Qe6+ 1-0

[Event "2nd EUR-ch (w)"]
[Site "Warsaw POL"]
[Date "2001.04.29"]
[Round "7.24"]
[White "Klinova, Masha"]
[Black "Kulish, Irina"]
[Result "1-0"]
[WhiteElo "2368"]
[BlackElo "2302"]
[EventDate "2001.04.21"]
[PlyCount "77"]

1.e4 e5 2.Bc4 Nf6 3.d3 Nc6 4.Nf3 Be7 5.Nbd2 O-O 6.Bb3 d6 7.c3 Be6 8.O-O a6
9.Bc2 d5 10.h3 h6 11.Re1 dxe4 12.dxe4 Nh7 13.Qe2 Ng5 14.Ba4 b5 15.Bb3 Qd7 
16.Nf1 Nxf3+ 17.Qxf3 Bxb3 18.axb3 Qe6 19.Ne3 Bd6 20.b4 a5 21.bxa5 Rxa5 22.
Rxa5 Nxa5 23.Nf5 Rd8 24.Rd1 Kh7 25.Qg4 Qg6 26.Qe2 c6 27.Rd3 Qe6 28.Qg4 Qf6
29.Rf3 Bf8 30.Kh2 Qe6 31.Be3 Nb7 32.Qh4 Rd7 33.g4 Qg6 34.g5 Rd1 35.Qg4 
hxg5 36.Rg3 Rd3 37.Qe2 Rd7 38.Rxg5 Qf6 39.Qh5+ 1-0

[Event "2nd EUR-ch (w)"]
[Site "Warsaw POL"]
[Date "2001.04.29"]
[Round "7.26"]
[White "Bosboom-Lanchava, Tea"]
[Black "Bogza, Adina"]
[Result "0-1"]
[WhiteElo "2351"]
[BlackElo "2252"]
[EventDate "2001.04.21"]
[PlyCount "94"]

1.d4 g6 2.c4 c5 3.d5 f5 4.h4 Nf6 5.e3 d6 6.Be2 Nbd7 7.h5 Rg8 8.hxg6 hxg6 
9.Nf3 Ne5 10.Ng5 Nf7 11.Nxf7 Kxf7 12.Nd2 Bg7 13.Nf3 Ne4 14.Bd3 Rh8 15.Rg1 
e5 16.dxe6+ Bxe6 17.Qc2 Ng5 18.Bd2 Nxf3+ 19.gxf3 Rh2 20.O-O-O Rxf2 21.Rg3 
Qf6 22.Qb3 b6 23.Bc2 Qh4 24.Rdg1 Rf1+ 25.Rxf1 Qxg3 26.e4 Qg2 27.Re1 Bd4 
28.exf5 gxf5 29.Qd3 Qg6 30.f4 Rb8 31.Qf3 Rd8 32.Qc6 Qf6 33.Rh1 Bxb2+ 34.
Kd1 Qg6 35.Bd3 Bg7 36.Be2 Kg8 37.Qc7 Qe8 38.Qb7 d5 39.Bf3 dxc4 40.Bc6 Qf7 
41.Kc2 Qf6 42.Rh2 Qb2+ 43.Kd1 Qb1+ 44.Ke2 Qd3+ 45.Kd1 c3 46.Rg2 Qb1+ 47.
Ke2 Rxd2+ 0-1

[Event "2nd EUR-ch (w)"]
[Site "Warsaw POL"]
[Date "2001.04.29"]
[Round "7.27"]
[White "Zakurdyaeva, Irina"]
[Black "Demina, Yulia"]
[Result "1/2-1/2"]
[WhiteElo "2282"]
[BlackElo "2350"]
[EventDate "2001.04.21"]
[PlyCount "57"]

1.d4 Nf6 2.Nc3 d5 3.Bg5 c6 4.Qd3 g6 5.f3 h6 6.Bxf6 exf6 7.O-O-O Bg7 8.e3 
Na6 9.Nge2 Nb4 10.Qd2 a5 11.Nf4 f5 12.Kb1 O-O 13.h4 Re8 14.Bd3 Nxd3 15.
Nxd3 h5 16.Rde1 b6 17.Nf4 Ra7 18.Nd1 Qf6 19.Nf2 Rae7 20.N2d3 Qd6 21.Nf2 
Qb4 22.c3 Qd6 23.Nd1 Bh6 24.g3 b5 25.Nd3 Kh7 26.Rhg1 Bd7 27.Nc5 Bc8 28.Nd3
Bd7 29.Nc5 1/2-1/2

[Event "2nd EUR-ch (w)"]
[Site "Warsaw POL"]
[Date "2001.04.29"]
[Round "7.28"]
[White "Grabarska, Barbara"]
[Black "Stiazhkina, Olga"]
[Result "1-0"]
[WhiteElo "2213"]
[BlackElo "2346"]
[EventDate "2001.04.21"]
[PlyCount "97"]

1.e4 e5 2.Nf3 Nc6 3.Bb5 f5 4.Nc3 fxe4 5.Nxe4 Nf6 6.Qe2 d5 7.Nxf6+ gxf6 8.
d4 Bg7 9.dxe5 O-O 10.e6 Ne5 11.Bf4 c6 12.Bd3 Re8 13.O-O Nxd3 14.Qxd3 Bxe6 
15.Nd4 Qd7 16.Rae1 Bg4 17.c3 Bh5 18.Qf5 Qxf5 19.Nxf5 Bf8 20.f3 Bg6 21.Nd6 
Bxd6 22.Bxd6 Bd3 23.Rxe8+ Rxe8 24.Rd1 Bc4 25.b3 Ba6 26.Rd2 Re1+ 27.Kf2 Rc1
28.Bc5 b6 29.Bd4 Kf7 30.b4 Bc4 31.Ke3 Ra1 32.g4 a5 33.bxa5 bxa5 34.Rb2 a4 
35.Rb7+ Ke8 36.Ra7 Rxa2 37.Kf4 Ra1 38.Bc5 Rc1 39.Bd4 Bb3 40.Kf5 c5 41.Bxc5
Rxc3 42.Bd4 Rxf3+ 43.Ke6 Kf8 44.Ra8+ Kg7 45.g5 Kg6 46.Rg8+ Kh5 47.gxf6 
Re3+ 48.Kd6 Rf3 49.Ke7 1-0

[Event "2nd EUR-ch (w)"]
[Site "Warsaw POL"]
[Date "2001.04.29"]
[Round "7.29"]
[White "Kosintseva, Tatiana"]
[Black "Khasanova, Elmira"]
[Result "0-1"]
[WhiteElo "2333"]
[BlackElo "2249"]
[EventDate "2001.04.21"]
[PlyCount "112"]

1.e4 e6 2.d4 d5 3.Nc3 dxe4 4.Nxe4 Nd7 5.Nf3 Ngf6 6.Bd3 c5 7.O-O cxd4 8.
Nxd4 Nxe4 9.Bxe4 Nf6 10.Bf3 Bc5 11.Nb5 O-O 12.Bf4 a6 13.Nd6 Qe7 14.Nxc8 
Raxc8 15.Qe2 Nd5 16.Bg3 Bd6 17.Bxd6 Qxd6 18.Rad1 Qc5 19.Bxd5 exd5 20.c3 
Rfe8 21.Qf3 Re4 22.Rd2 Rce8 23.g3 b5 24.Rfd1 Qc4 25.Kg2 Qxa2 26.Rxd5 g6 
27.Rd7 R4e7 28.Rxe7 Rxe7 29.Rd8+ Kg7 30.Qa8 Qe6 31.Rd4 h5 32.h4 Re8 33.Qb7
Re7 34.Qf3 Rd7 35.Qd3 Rxd4 36.cxd4 Qd5+ 37.Kf1 Kf6 38.Ke2 Qc4 39.Qxc4 bxc4
40.Ke3 Kf5 41.d5 Ke5 42.d6 c3 43.b4 Kxd6 44.Kd3 Kd5 45.Kxc3 f6 46.f3 g5 
47.Kd3 gxh4 48.gxh4 Ke5 49.Ke3 Kf5 50.Ke2 Kf4 51.Kf2 f5 52.Ke2 Kg3 53.Ke3 
Kxh4 54.Kf4 Kh3 55.Kxf5 Kg3 56.Kg5 h4 0-1

[Event "2nd EUR-ch (w)"]
[Site "Warsaw POL"]
[Date "2001.04.29"]
[Round "7.30"]
[White "Cherednichenko, Svetlana"]
[Black "Calzetta Ruiz, Monica"]
[Result "0-1"]
[WhiteElo "2203"]
[BlackElo "2310"]
[EventDate "2001.04.21"]
[PlyCount "66"]

1.d4 Nf6 2.c4 c5 3.d5 b5 4.cxb5 a6 5.b6 e6 6.Nc3 Nxd5 7.Nxd5 exd5 8.Qxd5 
Nc6 9.e4 Be7 10.Nf3 Rb8 11.Bd2 Rxb6 12.Bc3 Nb4 13.Qe5 Nc2+ 14.Kd2 Nxa1 15.
Bc4 Rg6 16.Nh4 Rg5 17.Nf5 d5 18.Bxd5 Bxf5 19.exf5 O-O 20.Rxa1 Bf6 21.Qe4 
Bxc3+ 22.bxc3 Re8 23.Qd3 c4 24.Qd4 Rxf5 25.Re1 Rxf2+ 26.Qxf2 Qxd5+ 27.Kc1 
Rb8 28.Rf1 f6 29.Rd1 Qb5 30.Qc2 Qc5 31.Qa4 Qe3+ 32.Kc2 Qe2+ 33.Rd2 Qe4+ 
0-1

[Event "2nd EUR-ch (w)"]
[Site "Warsaw POL"]
[Date "2001.04.29"]
[Round "7.32"]
[White "Sudakova, Irina"]
[Black "Peng Zhaoqin"]
[Result "0-1"]
[WhiteElo "2256"]
[BlackElo "2391"]
[EventDate "2001.04.21"]
[PlyCount "84"]

1.e4 e6 2.Qe2 c5 3.Nf3 Nc6 4.g3 g6 5.Bg2 Bg7 6.O-O d6 7.d3 Nge7 8.c3 O-O 
9.Nbd2 Rb8 10.Re1 b5 11.Nf1 b4 12.c4 a5 13.Rb1 b3 14.a3 Ba6 15.h4 h6 16.
N1h2 Qd7 17.Ng4 h5 18.Ne3 Rfe8 19.g4 Nd4 20.Nxd4 cxd4 21.Nf1 hxg4 22.Qxg4 
Bc8 23.Bh3 Qc7 24.h5 e5 25.Qh4 Bxh3 26.Qxh3 Qc8 27.Qh4 Qe6 28.Bg5 f6 29.
Bd2 a4 30.Ng3 g5 31.Qh1 Bh6 32.Qg2 Kh8 33.Nf1 f5 34.f3 Rg8 35.Ng3 f4 36.
Ne2 g4 37.Kf2 g3+ 38.Kf1 Rg5 39.Bxf4 exf4 40.Nxf4 Qe5 41.Nh3 Rxh5 42.Ke2 
Ng6 0-1

[Event "2nd EUR-ch (w)"]
[Site "Warsaw POL"]
[Date "2001.04.29"]
[Round "7.33"]
[White "Costagliola, Marina"]
[Black "Zielinska, Marta"]
[Result "0-1"]
[WhiteElo "2254"]
[BlackElo "2377"]
[EventDate "2001.04.21"]
[PlyCount "156"]

1.e4 e6 2.Qe2 e5 3.f4 d6 4.Nf3 Nc6 5.c3 Bg4 6.h3 Bxf3 7.Qxf3 exf4 8.d4 
Qh4+ 9.Kd1 g5 10.Bc4 Nf6 11.Nd2 Qh5 12.Kc2 Qxf3 13.Nxf3 h6 14.h4 Rg8 15.
hxg5 hxg5 16.e5 dxe5 17.dxe5 Nd7 18.e6 fxe6 19.Bxe6 Rg7 20.Rh5 Be7 21.Rh8+
Nf8 22.Bd2 Nd8 23.Bf5 Nf7 24.Rh5 Nd6 25.Bg4 Ne4 26.Bf5 Ng3 27.Bg4 Nxh5 28.
Bxh5+ Kd8 29.Nd4 Bf6 30.g3 Rh7 31.Bf3 Bxd4 32.cxd4 Ne6 33.Bxb7 Rb8 34.Be4 
Nxd4+ 35.Kc3 Rd7 36.gxf4 gxf4 37.Rh1 Ne2+ 38.Kc2 Rxb2+ 39.Kxb2 Rxd2+ 40.
Kb3 Ng3 41.Rh8+ Ke7 42.Rh7+ Kd6 43.Ba8 f3 44.Rf7 f2 45.Bg2 a5 46.a3 Ne2 
47.Ka4 Rd4+ 48.Kxa5 Rf4 49.Rh7 f1=Q 50.Bxf1 Rxf1 51.Rh6+ Kd7 52.Kb4 Nd4 
53.Rh2 Nc6+ 54.Kc5 Rc1+ 55.Kd5 Ne7+ 56.Kd4 c5+ 57.Kd3 Kc6 58.a4 Nd5 59.
Rh6+ Kb7 60.a5 Nb4+ 61.Ke4 Rd1 62.Rb6+ Kc7 63.Rb5 Kd6 64.Rb6+ Nc6 65.a6 
Ra1 66.Kd3 Kd5 67.Kc3 Nb4 68.Rh6 Ra3+ 69.Kb2 Rxa6 70.Rh5+ Kc4 71.Rh4+ Kb5 
72.Kb3 Rd6 73.Rh5 Rd3+ 74.Kb2 Kc4 75.Rg5 Nc6 76.Rh5 Nd4 77.Rg5 Kb4 78.Rg8 
Rd2+ 0-1

[Event "2nd EUR-ch (w)"]
[Site "Warsaw POL"]
[Date "2001.04.29"]
[Round "7.34"]
[White "Petrenko, Svetlana"]
[Black "Khmiadashvili, Tamara"]
[Result "1-0"]
[WhiteElo "2336"]
[BlackElo "2241"]
[EventDate "2001.04.21"]
[PlyCount "151"]

1.e4 c6 2.d4 g6 3.Nc3 Bg7 4.Bc4 b5 5.Bb3 b4 6.Qf3 e6 7.Nce2 a5 8.c3 a4 9.
Bc2 Qb6 10.cxb4 Qxb4+ 11.Qc3 Qxc3+ 12.bxc3 c5 13.dxc5 Ba6 14.Be3 Bc4 15.a3
Ne7 16.f4 Nbc6 17.Nf3 f5 18.Ned4 fxe4 19.Bxe4 Nd5 20.Bxd5 Bxd5 21.O-O O-O 
22.Rab1 Na5 23.Nd2 Nc4 24.Nxc4 Bxc4 25.Rfd1 Bd5 26.Rb4 Rfc8 27.c4 Be4 28.
Nb5 Bc6 29.Bd4 Bf8 30.Nd6 Bxd6 31.cxd6 Kf7 32.Kf2 Be4 33.Rd2 h5 34.Ke3 Bc6
35.g3 Ra6 36.h3 Raa8 37.g4 Ra5 38.Rf2 Kg8 39.Bb6 Raa8 40.gxh5 gxh5 41.f5 
exf5 42.Rxf5 Re8+ 43.Kd2 Re6 44.Bc5 Rae8 45.Rb1 Re2+ 46.Kc3 Rg2 47.Rg1 
Rxg1 48.Bxg1 Re1 49.Bc5 h4 50.Rf4 Rb1 51.Rxh4 Rb3+ 52.Kd4 Kf7 53.Rf4+ Ke6 
54.h4 Rh3 55.Bb4 Rh1 56.Kc5 Rh3 57.Kd4 Rh1 58.c5 Rh3 59.Kc4 Ke5 60.Rg4 
Bd5+ 61.Kb5 Bc6+ 62.Kb6 Kf5 63.Rc4 Rh1 64.Bd2 Rh3 65.Bc1 Rb3+ 66.Kc7 Rh3 
67.Rb4 Rc3 68.Rf4+ Ke6 69.Bb2 Rc2 70.Bg7 Rh2 71.Rb4 Rh3 72.Rb6 Be4 73.c6 
Bxc6 74.Rxc6 dxc6 75.d7 Rd3 76.d8=Q 1-0

[Event "2nd EUR-ch (w)"]
[Site "Warsaw POL"]
[Date "2001.04.29"]
[Round "7.35"]
[White "Krupkova, Petra"]
[Black "Slavina, Irina"]
[Result "1-0"]
[WhiteElo "2249"]
[BlackElo "2332"]
[EventDate "2001.04.21"]
[PlyCount "83"]

1.e4 e6 2.d4 d5 3.Nd2 Nf6 4.e5 Nfd7 5.Bd3 c5 6.c3 Nc6 7.Ne2 cxd4 8.cxd4 f6
9.exf6 Qxf6 10.Nf3 Bd6 11.O-O h6 12.Bc2 O-O 13.a3 Rd8 14.Ng3 Nf8 15.Re1 
Bd7 16.b4 Rac8 17.Bb2 Be8 18.Ne5 Bxe5 19.dxe5 Qh4 20.Qd2 Bg6 21.Bb3 Nd7 
22.Rac1 a6 23.f4 Nb6 24.Qf2 Nc4 25.Bxc4 dxc4 26.Rxc4 Rf8 27.Bc1 Bd3 28.Rc5
b6 29.Rc3 Bb5 30.Qe3 Rcd8 31.Qxb6 g5 32.f5 Rb8 33.Qc5 exf5 34.Qd5+ Kh8 35.
Rxc6 Bxc6 36.Qxc6 f4 37.Bb2 fxg3 38.hxg3 Qh5 39.e6+ Kg8 40.e7 Qf7 41.
exf8=Q+ Rxf8 42.Qe6 1-0

[Event "2nd EUR-ch (w)"]
[Site "Warsaw POL"]
[Date "2001.04.29"]
[Round "7.36"]
[White "Matnadze, Ana"]
[Black "Tsoganova, Monika"]
[Result "1-0"]
[WhiteElo "2332"]
[BlackElo "2239"]
[EventDate "2001.04.21"]
[PlyCount "103"]

1.d4 Nf6 2.g3 d5 3.Bg2 c6 4.Nf3 Bg4 5.O-O e6 6.c4 Nbd7 7.Nc3 Be7 8.Qb3 Qb6
9.c5 Qxb3 10.axb3 O-O 11.b4 Ne4 12.Re1 Rfd8 13.e3 a6 14.Nd2 Nxd2 15.Bxd2 
e5 16.f3 Be6 17.Ne2 f6 18.Nc1 Bf5 19.Nb3 Bc2 20.Na5 Rab8 21.e4 dxe4 22.d5 
cxd5 23.fxe4 dxe4 24.c6 bxc6 25.Nxc6 Bf8 26.Nxd8 Rxd8 27.Bxe4 Bxe4 28.Rxe4
Nb8 29.Be3 Nc6 30.Rxa6 Nxb4 31.Rb6 Nc2 32.Rb5 Rd1+ 33.Kf2 Rh1 34.h4 Rh2+ 
35.Kf1 Rh1+ 36.Bg1 Nd4 37.Rxd4 exd4 38.Kg2 Rxg1+ 39.Kxg1 Bd6 40.Kf2 Kf7 
41.Kf3 Ke6 42.g4 g6 43.Ke4 Bg3 44.Rb6+ Ke7 45.Rb7+ Ke6 46.Rxh7 f5+ 47.
gxf5+ gxf5+ 48.Kd3 Kf6 49.h5 Be5 50.b4 Kg5 51.b5 Kg4 52.b6 1-0

[Event "2nd EUR-ch (w)"]
[Site "Warsaw POL"]
[Date "2001.04.29"]
[Round "7.37"]
[White "Dzagnidze, Nana"]
[Black "Korbut, Ekaterina"]
[Result "1-0"]
[WhiteElo "2241"]
[BlackElo "2330"]
[EventDate "2001.04.21"]
[PlyCount "108"]

1.d4 d5 2.Nf3 Nf6 3.e3 Nbd7 4.Bd3 c5 5.b3 Qc7 6.c4 e5 7.dxe5 Nxe5 8.Bb2 
Nxd3+ 9.Qxd3 dxc4 10.bxc4 Be6 11.O-O Rd8 12.Qe2 Ne4 13.Nc3 Nxc3 14.Bxc3 f6
15.e4 Qf7 16.Nd2 Be7 17.f4 O-O 18.a4 f5 19.Rab1 Rd7 20.g4 Qg6 21.Kh1 Qxg4 
22.Qxg4 fxg4 23.f5 Bf7 24.e5 Rxd2 25.Bxd2 Bxc4 26.Rf2 Bd3 27.Rc1 Bxf5 28.
Be3 Be4+ 29.Kg1 Rxf2 30.Kxf2 b6 31.Kg3 h5 32.Kf4 Bc6 33.Kf5 Bxa4 34.Ke6 
Kf8 35.Ra1 b5 36.Kd7 Bh4 37.e6 c4 38.Bc5+ Kg8 39.e7 Bxe7 40.Kxe7 c3 41.
Bxa7 c2 42.Be3 Bb3 43.Kd6 Kf7 44.Kc5 Bc4 45.Kb4 Be2 46.Kc3 Bd1 47.Ra5 h4 
48.Rxb5 g3 49.hxg3 h3 50.Rf5+ Kg6 51.Rf4 Be2 52.Kxc2 Bb5 53.Rh4 Bf1 54.Kd2
Kf5 1-0

[Event "2nd EUR-ch (w)"]
[Site "Warsaw POL"]
[Date "2001.04.29"]
[Round "7.38"]
[White "Pokorna, Regina"]
[Black "Matras, Agnieszka"]
[Result "1-0"]
[WhiteElo "2376"]
[BlackElo "2220"]
[EventDate "2001.04.21"]
[PlyCount "151"]

1.e4 e5 2.Nf3 Nc6 3.Bb5 a6 4.Ba4 Nf6 5.O-O Be7 6.Re1 b5 7.Bb3 d6 8.c3 O-O 
9.h3 h6 10.d4 Re8 11.Nbd2 Bf8 12.Nf1 Bb7 13.Ng3 g6 14.a4 Na5 15.Bc2 c5 16.
dxe5 dxe5 17.Qxd8 Rexd8 18.Nxe5 Re8 19.Nf3 Nc4 20.b3 Na5 21.Bf4 c4 22.Nd2 
g5 23.Bc7 Nxb3 24.Nxb3 cxb3 25.Bxb3 Rac8 26.Ba5 Nxe4 27.Nxe4 Rxe4 28.Rxe4 
Bxe4 29.Re1 Bd3 30.axb5 axb5 31.Rd1 Bc4 32.Bxc4 bxc4 33.Rd4 Bc5 34.Rd5 Kg7
35.Bd8 Ba3 36.Bb6 Kf6 37.Bd4+ Ke6 38.Re5+ Kd6 39.Rf5 Bc5 40.Bxc5+ Rxc5 41.
Rxf7 Ke5 42.Re7+ Kf6 43.Re4 Kf5 44.f3 h5 45.Kf2 Rc7 46.Ke3 h4 47.f4 gxf4+ 
48.Rxf4+ Kg5 49.Rg4+ Kh5 50.Kd4 Rc8 51.Kd5 Rc7 52.Rg8 Kh6 53.Kd6 Rf7 54.
Rg4 Kh5 55.Rxc4 Rg7 56.Rc5+ Kh6 57.Rc4 Kh5 58.Rc8 Kg5 59.Rf8 Rg6+ 60.Kd5 
Kh6 61.Rf2 Rg5+ 62.Kd4 Rg8 63.c4 Rd8+ 64.Kc3 Rc8 65.Rf4 Kh5 66.Rg4 Rc7 67.
Kd4 Rd7+ 68.Ke5 Rd1 69.c5 Rc1 70.Kd6 Rd1+ 71.Kc7 Rc1 72.c6 Rc2 73.Kd7 Rd2+
74.Kc8 Rc2 75.c7 Rc1 76.Rd4 1-0

[Event "2nd EUR-ch (w)"]
[Site "Warsaw POL"]
[Date "2001.04.29"]
[Round "7.39"]
[White "Benderac, Ana"]
[Black "Khukhashvili, Sopiko"]
[Result "1-0"]
[WhiteElo "2230"]
[BlackElo "2326"]
[EventDate "2001.04.21"]
[PlyCount "67"]

1.d4 d5 2.Nf3 c6 3.e3 e6 4.Bd3 Bd6 5.c4 f5 6.cxd5 cxd5 7.O-O Nc6 8.a3 Nf6 
9.b4 a6 10.Bb2 O-O 11.Nbd2 Bd7 12.Qe2 Be8 13.Ng5 Bxh2+ 14.Kh1 Ng4 15.Ndf3 
Bd6 16.Nxe6 Qf6 17.Nxf8 Qh6+ 18.Kg1 Nh2 19.Nd2 Bh5 20.f3 Bg6 21.Nxg6 Bg3 
22.Nf4 Re8 23.Rfe1 Ng4 24.Nh3 Rxe3 25.Nf1 Rxe2 26.Rxe2 Bc7 27.fxg4 fxg4 
28.Nf2 g3 29.Nh3 g5 30.Rae1 Qf6 31.Re6 Qg7 32.b5 axb5 33.Bxb5 Ne5 34.dxe5 
1-0

[Event "2nd EUR-ch (w)"]
[Site "Warsaw POL"]
[Date "2001.04.29"]
[Round "7.40"]
[White "Moshina, Cristina"]
[Black "Voiska, Margarita"]
[Result "0-1"]
[WhiteElo "2235"]
[BlackElo "2320"]
[EventDate "2001.04.21"]
[PlyCount "54"]

1.e4 d6 2.d4 Nf6 3.Nc3 g6 4.Be2 Bg7 5.Be3 c6 6.h3 Nbd7 7.Nf3 O-O 8.Qd2 b5 
9.a3 Bb7 10.e5 dxe5 11.dxe5 Nd5 12.Nxd5 cxd5 13.Bh6 Qc7 14.Bxg7 Kxg7 15.
Nd4 Qxe5 16.f4 Qf6 17.Bxb5 Nc5 18.O-O-O Rab8 19.Qc3 Rfc8 20.Ne2 d4 21.Nxd4
a6 22.Be2 Be4 23.Kd2 Nb3+ 24.cxb3 Rxc3 25.Kxc3 Qxf4 26.Bxa6 e5 27.Ne2 Qe3+
0-1

[Event "2nd EUR-ch (w)"]
[Site "Warsaw POL"]
[Date "2001.04.29"]
[Round "7.41"]
[White "Mashinskaya, Yulia"]
[Black "Burvenich, Silvia"]
[Result "1-0"]
[WhiteElo "2318"]
[BlackElo "2224"]
[EventDate "2001.04.21"]
[PlyCount "93"]

1.e4 c5 2.Nc3 Nc6 3.f4 e6 4.Nf3 d6 5.g3 Nge7 6.Bg2 Nd4 7.Nxd4 cxd4 8.Ne2 
Qb6 9.d3 g6 10.O-O Bg7 11.g4 f5 12.Ng3 O-O 13.exf5 gxf5 14.gxf5 Nxf5 15.
Nxf5 Rxf5 16.Be4 Bd7 17.Rf2 Bc6 18.Rg2 Raf8 19.Kh1 R8f7 20.Bd2 Kf8 21.b4 
R5f6 22.Qe2 Bh6 23.Qg4 Ke7 24.Qh4 Kd7 25.Rf1 Qa6 26.Rgf2 Bxe4+ 27.dxe4 Qc4
28.f5 Bxd2 29.fxe6+ Qxe6 30.Rxf6 Rxf6 31.Rxf6 Qxa2 32.Qg4+ Kc7 33.Qg7+ Kc6
34.b5+ Kb6 35.Rxd6+ Ka5 36.Qc7+ Ka4 37.Rxd4+ Bb4 38.Qc4 Qxc4 39.Rxc4 Kxb5 
40.Rc7 Kb6 41.Rxh7 a5 42.e5 Kc6 43.e6 b5 44.Ra7 a4 45.e7 Bxe7 46.Rxe7 Kc5 
47.h4 1-0

[Event "2nd EUR-ch (w)"]
[Site "Warsaw POL"]
[Date "2001.04.29"]
[Round "7.42"]
[White "Mamedyarova, Zeinab"]
[Black "Umanskaya, Irina"]
[Result "0-1"]
[WhiteElo "2226"]
[BlackElo "2313"]
[EventDate "2001.04.21"]
[PlyCount "68"]

1.d4 Nf6 2.c4 g6 3.Nf3 Bg7 4.g3 O-O 5.Bg2 d6 6.O-O Nbd7 7.Nc3 e5 8.e4 c6 
9.h3 Qb6 10.Re1 exd4 11.Nxd4 Ne8 12.Nb3 a5 13.Be3 Qb4 14.Nd4 Qxc4 15.Bf1 
Qb4 16.a3 Qb6 17.Ne6 Qxb2 18.Nxg7 Nxg7 19.Nd5 Ne6 20.Ne7+ Kg7 21.Qxd6 Ne5 
22.Reb1 Nf3+ 23.Kh1 Qf6 24.Nxc8 Raxc8 25.Qd1 Rfd8 26.Qc1 b5 27.Bg2 Ned4 
28.Qc3 c5 29.Rxb5 g5 30.Rb2 g4 31.hxg4 Ne5 32.g5 Qg6 33.f4 Qh5+ 34.Kg1 Ng4
0-1

[Event "2nd EUR-ch (w)"]
[Site "Warsaw POL"]
[Date "2001.04.29"]
[Round "7.43"]
[White "Berend, Elvira"]
[Black "Dimitrijevic, Aleksandra"]
[Result "0-1"]
[WhiteElo "2312"]
[BlackElo "2152"]
[EventDate "2001.04.21"]
[PlyCount "122"]

1.d4 Nf6 2.Nf3 g6 3.Bg5 Ne4 4.Bf4 d5 5.Nbd2 Bg7 6.e3 c5 7.c3 Nc6 8.Nxe4 
dxe4 9.Nd2 cxd4 10.exd4 Bf5 11.Bb5 O-O 12.Bxc6 bxc6 13.O-O h6 14.Bg3 Qb6 
15.Nb3 a5 16.Qe2 a4 17.Nc5 e5 18.Rad1 exd4 19.cxd4 Rfd8 20.b3 axb3 21.Nxb3
Ra4 22.Bf4 Be6 23.Qxe4 Rxa2 24.Nc5 Bf5 25.Qe3 Qb4 26.Be5 Re8 27.Nd3 Qb5 
28.Nc1 Raa8 29.Qd2 Bxe5 30.dxe5 Kh7 31.f4 Bg4 32.Rde1 Red8 33.Qe3 Ra4 34.
h3 Be6 35.Kh2 Rdd4 36.Qf2 Qa5 37.f5 gxf5 38.Nb3 Bxb3 39.Qxf5+ Kg8 40.Re3 
Be6 41.Qf6 Ra3 42.Rb1 Rb4 43.Rd1 Rxe3 44.Rd8+ Qxd8 45.Qxd8+ Kh7 46.Qd2 
Rbe4 47.Qc2 Bxh3 48.Qxc6 Be6 49.Qc2 Kg7 50.Qb2 Rxe5 51.Qd4 Kg6 52.Qd8 Rg5 
53.Qd4 Reg3 54.Kh1 Bd5 55.Qh8 Bxg2+ 56.Kh2 Rh3+ 57.Kg1 Bd5+ 58.Kf2 Rf3+ 
59.Ke1 Rg1+ 60.Ke2 Rg2+ 61.Ke1 Rh3 0-1

[Event "2nd EUR-ch (w)"]
[Site "Warsaw POL"]
[Date "2001.04.29"]
[Round "7.44"]
[White "Javakhishvili, Lela"]
[Black "Aginian, Nelly"]
[Result "1/2-1/2"]
[WhiteElo "2305"]
[BlackElo "2192"]
[EventDate "2001.04.21"]
[PlyCount "81"]

1.c4 Nf6 2.Nf3 c5 3.b3 g6 4.Bb2 Bg7 5.e3 O-O 6.Be2 b6 7.O-O Bb7 8.d3 d5 9.
cxd5 Nxd5 10.Qc1 Bxb2 11.Qxb2 Nc6 12.a3 Qd6 13.Rc1 Qf6 14.Qxf6 Nxf6 15.
Nbd2 Rfd8 16.Rab1 Nd5 17.g3 Rac8 18.Bf1 Ba6 19.Nc4 Nf6 20.b4 Bxc4 21.Rxc4 
Nd7 22.bxc5 Nde5 23.Nxe5 Nxe5 24.Rc3 Rxc5 25.Rxc5 bxc5 26.Rb3 Nf3+ 27.Kg2 
Ne1+ 28.Kh3 Nf3 29.Rc3 Ne5 30.a4 Nd7 31.Be2 Kf8 32.f4 e6 33.Bf3 Ke7 34.a5 
Kd6 35.Rc4 Rb8 36.d4 Rb3 37.dxc5+ Nxc5 38.Rd4+ Ke7 39.Rc4 Kd6 40.Rd4+ Ke7 
41.Rc4 1/2-1/2

[Event "2nd EUR-ch (w)"]
[Site "Warsaw POL"]
[Date "2001.04.29"]
[Round "7.45"]
[White "Blimke, Dalia"]
[Black "Fatalibekova, Elena"]
[Result "1/2-1/2"]
[WhiteElo "2209"]
[BlackElo "2284"]
[EventDate "2001.04.21"]
[PlyCount "82"]

1.e4 g6 2.d4 Bg7 3.Be2 d6 4.Nf3 Nf6 5.Nc3 O-O 6.O-O a6 7.a4 b6 8.Re1 Nc6 
9.h3 e5 10.Be3 Bb7 11.d5 Ne7 12.Nh2 c6 13.dxc6 Bxc6 14.Bf3 d5 15.exd5 
Nfxd5 16.Nxd5 Bxd5 17.c4 Bxf3 18.Nxf3 Qc7 19.Qb3 Rab8 20.Rac1 Nf5 21.Bd2 
Rfe8 22.Qc2 Rbd8 23.b3 Qc6 24.Qe4 Qxe4 25.Rxe4 Nd6 26.Re2 e4 27.Ne1 Nf5 
28.Nc2 Rd3 29.Rb1 a5 30.b4 axb4 31.Bxb4 Nd4 32.Nxd4 Rxd4 33.Bc3 Rxc4 34.
Bxg7 Kxg7 35.Rxb6 Rxa4 36.h4 Re7 37.g3 f5 38.Kg2 Ra3 39.Kh2 Rd3 40.Rc2 Rf7
41.Re2 Rdd7 1/2-1/2

[Event "2nd EUR-ch (w)"]
[Site "Warsaw POL"]
[Date "2001.04.29"]
[Round "7.47"]
[White "Lomakina, Galia"]
[Black "Melamed, Tetyana"]
[Result "0-1"]
[WhiteElo "2134"]
[BlackElo "2273"]
[EventDate "2001.04.21"]
[PlyCount "76"]

1.Nf3 Nf6 2.g3 g6 3.Bg2 Bg7 4.O-O O-O 5.d3 d5 6.Nbd2 c5 7.e4 Nc6 8.Re1 e5 
9.exd5 Nxd5 10.c3 h6 11.Nc4 Re8 12.a4 b6 13.Nfd2 Be6 14.Qb3 Rb8 15.Qb5 
Ncb4 16.cxb4 Nxb4 17.Nxe5 a6 18.Nc6 axb5 19.Nxd8 Rexd8 20.Ne4 Nxd3 21.Bf4 
Nxf4 22.gxf4 bxa4 23.Rxa4 Bxb2 24.h4 Bb3 25.Ra7 c4 26.Re3 Bd4 27.Rg3 b5 
28.f5 Bxa7 29.fxg6 fxg6 30.Rxg6+ Kh7 31.h5 Bd4 32.Nd6 Rxd6 33.Rxd6 Bg7 34.
Be4+ Kh8 35.f4 c3 36.f5 c2 37.Rc6 Bd4+ 38.Kg2 Be3 0-1

[Event "2nd EUR-ch (w)"]
[Site "Warsaw POL"]
[Date "2001.04.29"]
[Round "7.49"]
[White "Iwaniuk, Dorota"]
[Black "Morkunaite, Egle"]
[Result "1-0"]
[WhiteElo "2266"]
[BlackElo "2028"]
[EventDate "2001.04.21"]
[PlyCount "157"]

1.e4 d5 2.exd5 Qxd5 3.Nc3 Qa5 4.d4 Nf6 5.Bc4 Nc6 6.d5 Nb4 7.Bd2 Qc5 8.Bb5+
Bd7 9.Bxd7+ Nxd7 10.Be3 Qc4 11.a3 Na6 12.Qd4 Qxd4 13.Bxd4 Nf6 14.O-O-O 
O-O-O 15.Be5 Nc5 16.Nh3 h6 17.Rhe1 Ncd7 18.f4 Nb6 19.Nb5 Rxd5 20.Nxa7+ Kb8
21.Rxd5 Nfxd5 22.Nb5 f6 23.Bd4 c6 24.Nc3 g5 25.f5 g4 26.Nf2 h5 27.Nxd5 
Nxd5 28.c4 Nc7 29.Kc2 Ne8 30.Ne4 Ng7 31.Rf1 h4 32.Nc5 Kc7 33.Kd3 Rh5 34.
Ke4 b6 35.Nd3 c5 36.Bc3 Ne8 37.Nf4 Nd6+ 38.Kd3 Rh8 39.b4 Kd7 40.Nd5 Kc6 
41.Ne3 Rg8 42.b5+ Kb7 43.a4 Bh6 44.Nd5 Ra8 45.Nxe7 Rxa4 46.Bxf6 Nxc4 47.
Ng8 Ne3 48.Re1 Ra3+ 49.Bc3 Nd5 50.Nxh6 Rxc3+ 51.Ke4 Nc7 52.f6 Nxb5 53.Ke5 
Rd3 54.f7 Rd8 55.Rf1 Rf8 56.Nxg4 Kc7 57.Nf6 Nd6 58.Ke6 Nxf7 59.Nd5+ Kc6 
60.Ne7+ Kb5 61.Rxf7 Rxf7 62.Kxf7 c4 63.Nd5 Kc5 64.Ke6 b5 65.Ke5 b4 66.Ke4 
b3 67.Nc3 b2 68.g4 hxg3 69.hxg3 Kd6 70.Ke3 Ke5 71.g4 Kf6 72.Kf4 Kg6 73.g5 
Kg7 74.Kf5 Kf7 75.g6+ Kg7 76.Kg5 Kg8 77.Kf6 Kf8 78.g7+ Kg8 79.Nb1 1-0

[Event "2nd EUR-ch (w)"]
[Site "Warsaw POL"]
[Date "2001.04.29"]
[Round "7.50"]
[White "Kharashkina, Bairta"]
[Black "Krivec, Jana"]
[Result "1-0"]
[WhiteElo "2173"]
[BlackElo "2265"]
[EventDate "2001.04.21"]
[PlyCount "55"]

1.e4 e5 2.Nf3 Nc6 3.d4 exd4 4.Nxd4 Bc5 5.Be3 Qf6 6.c3 Nge7 7.g3 d5 8.Bg2 
dxe4 9.Nb5 Bxe3 10.Nxc7+ Kf8 11.fxe3 Rb8 12.Nd5 Qg5 13.Nf4 Bg4 14.Qb3 Qc5 
15.O-O Ne5 16.Kh1 g5 17.Ne6+ Bxe6 18.Qxe6 N7g6 19.Qf5 Qxe3 20.Na3 h6 21.
Nc4 Qc5 22.Nxe5 Nxe5 23.Qf6 Kg8 24.Bxe4 b6 25.Rad1 Qc7 26.Bd5 Rh7 27.Rde1 
Ng6 28.Qxg6+ 1-0